Biblioteca

Dios y la filosofía (Registro nro. 32763)

Detalles MARC
000 -LÍDER
Campo fijo de descripción fija 01118nam a22002417a 4500
001 - NÚMERO DE CONTROL
Campo de control 1443
003 - IDENTIFICADOR DEL NÚMERO DE CONTROL
Campo de control CO-MdFUSB
005 - FECHA Y HORA DE LA ULTIMA TRANSACCIÓN
control field 20180622072712.0
008 - ELEMENTOS DE LONGITUD FIJA -- INFORMACIÓN GENERAL
Campo fijo de descripción fija -- Información general 170308t1945 ck ||||| |||| 00| 0 spa d
040 ## - FUENTE DE CATALOGACIÓN
Agencia de catalogación original CO-MdFUSB
Idioma de catalogación spa
Agencia que realiza la transcripción CO-MdFUSB
Agencia que realiza la modificación CO-MdFUSBC
Convenciones de la descripción rda
041 0# - CÓDIGO DE IDIOMA
Código de idioma para texto/pista de sonido o título separado spa
082 04 - NÚMERO DE CLASIFICACIÓN DECIMAL DEWEY
Número de clasificación G 201 F512d
100 1# - ASIENTO PRINCIPAL--NOMBRE PERSONAL
Nombre personal Finlayson, Clarence (1913–1954)
Término relacionador autor
245 #0 - TÍTULO
Título del Material Dios y la filosofía
Mención de responsabilidad, etc. / Clarence Finlayson
Parte restante del título - Subtitulo :
264 #1 - PRODUCCIÓN, PUBLICACIÓN, DISTRIBUCIÓN, MANUFACTURA, Y COPYRIGHT
Lugar de producción, publicación, distribución, manufactura Medellín, Colombia:
Nombre del productor, publicador, distribuidor Univ. de Antioquia,
Fecha de producción, publicación, distribución, manufactura, o copyright ©1945
300 ## - DESCRIPCIÓN FÍSICA
Extensión 262 Pag.
Otros detalles físicos
Dimensiones ;
336 ## - TIPO DE CONTENIDO
Fuente rdacontent
Término de tipo de contenido texto
Código de tipo de contenido txt
337 ## - TIPO DE MEDIO
Fuente rdamedia
Nombre del tipo de medio sin mediación
Código del tipo de medio n
338 ## - TIPO DE SOPORTE
Fuente rdacarrier
Nombre del tipo de soporte volumen
Código Tipo de soporte nc
505 00 - NOTA DE CONTENIDO
Nota de contenido con formato preestablecido la existencia: Primer nombre metafísico -- posición del problema -- qué es Dios? -- estudios metafísicos sobre el amor -- apéndices de la obra -- los nombres de Dios -- anotaciones históricas sobre el problema -- comentario del éxodo -- teoría de la naturaleza -- qué es la metafísica -- meditaciones en torno a la teoría escolástica del conocimiento -- notas fenomenológicas sobre el amor -- bibliografía
653 ## - TÉRMINO DE INDIZACIÓN - NO CONTROLADO
Término no controlado Existencia de Dios
942 ## - TIPO DE MATERIAL (KOHA)
Tipo de Item KOHA Libros General
Existencias
Estado de Material Estado de Perdido Estado de Dañado No para Préstamo Colección Tomo Biblioteca de Origen Biblioteca Permanente Fecha de Adquisición Total de Préstamos Signatura Topográfica Código de Barras Última vez visto Ejemplar/Existencia Fecha de Remplazo Tipo de Material
        Colección General   Biblioteca FUSBC Biblioteca FUSBC 19/10/2004   G 201 F512d 912 12/12/2019 1 26/01/2016 Libros General

Biblioteca FUSBC | Teléfono: (57+4) 349 88 10 Ext. 141| WhatsApp (+57) 3005338115 
E-mail: biblioteca@unisbc.edu.co | Calle 76 87-14 Robledo Palenque, Medellín, Colombia

Con tecnología Koha